00820nam a2200205 i 450000100060000000300090000600500170001500700030003200800410003510000200007624500440009625000150014026000330015530000280018849001110021683001160032785200320044399900170047595201220049275383ES-MaACL20250727090524.0t|040924s1971 sp ||||1| spa d1 aGras, J.95967710aMecanismos inmunológicos / cJ. Gras. a[1ª ed.]. aBarcelona : bJims, c[1971] aVIII, 115 p. ; c24 cm.1 aMonografías del departamento de investigación del Hospital Municipal de Nuestra Señora del Mar ; v800aMonografías del Departamento de Investigación del Hospital Municipal de Nuestra Señora del Marv89231253 aES-MaACLjC-40974 bR.80273 c75383d75383 00104070aATENEOMbATENEOMcDEPO2d2008-01-17eSCl0oC-40974p1078899r2023-02-23 00:00:00w2023-02-23yMONOGRAFIA